| 000 | 00774nam a2200265Ia 4500 | ||
|---|---|---|---|
| 001 | Z_2103 | ||
| 003 | CHAP | ||
| 008 | 220113s1996 xx 000 0 und d | ||
| 010 | _a165176 | ||
| 040 | _cCHAP | ||
| 090 | _aTesis G 1062 | ||
| 100 |
_aGarcía Moreno, Isidro _946338 |
||
| 245 |
_aEfecto de la edad al destete en el comportamiento de conejos / _cpor Isidro García Moreno y Ramón González Ramírez |
||
| 260 |
_aChapingo, Méx. : _bEl autor, _c1996 |
||
| 300 | _a39 h. | ||
| 502 | _aTesis (Ing. Agr. Esp. en Zootecnia) -- UACH. Departamento de Zootecnia | ||
| 650 |
_aConejos _xDestete _926359 |
||
| 700 |
_aGonzález Ramírez, Ramón _949318 |
||
| 901 | _aTESIS G 1062 | ||
| 902 | _aM | ||
| 910 | _a1996 | ||
| 942 | _c2 | ||
| 942 | _c2 | ||
| 999 |
_c165176 _d165176 |
||